000
00329nam a2200121Ia 4500
008
230822s1999 xx 000 0 und d
041
_a
eng
082
_a
370.193.48
100
_a
GALLION A. B.
245
_a
THE URBAN PATTERN CITY PLANNING AND DESIGN IVTH ED.
260
_b
CBS PUBLISHERS AND DISTIRBUTORS
_c
1999
300
_a
451
999
_c
855354
_d
855354